000 00416nam a2200145Ia 4500
008 220217s9999||||xx |||||||||||||| ||und||
020 _a81-203-1465-4
082 _a005.74 HAN
100 _aHansen, Gary, W Hansen, James, V
_91848
245 0 _aDatabase management and design
250 _a2nd
260 _aPrentice hall of india
_bNew Delhi
_c2001
300 _b295
650 _aDATA FILES & DATABASE
_9695
999 _c170705
_d170705